Advanced mathematics : (رقم التسجيلة. 178064)

تفاصيل مارك
000 -LEADER
fixed length control field 01392namaa2200409 i 4500
003 - CONTROL NUMBER IDENTIFIER
control field EG-GICUC
005 - DATE AND TIME OF LATEST TRANSACTION
control field 20260127125006.0
008 - FIXED-LENGTH DATA ELEMENTS--GENERAL INFORMATION
fixed length control field 260127s1992 ma dah|jr|||| 001 0 eng d
017 ## - COPYRIGHT OR LEGAL DEPOSIT NUMBER
Copyright or legal deposit number 1992 / 02108
Assigning agency المكتبة الوطنية (Boston)
020 ## - INTERNATIONAL STANDARD BOOK NUMBER
International Standard Book Number 0395551897
040 ## - CATALOGING SOURCE
Original cataloging agency EG-GiCUC
Language of cataloging eng
Transcribing agency EG-GiCUC
Modifying agency EG-GiCUC
Description conventions rda
082 04 - DEWEY DECIMAL CLASSIFICATION NUMBER
Edition number 21
Classification number 510
Item number M3619
092 04 - LOCALLY ASSIGNED DEWEY CALL NUMBER (OCLC)
Edition number 21
099 ## - LOCAL FREE-TEXT CALL NUMBER (OCLC)
Classification number 510 M3619
100 1# - MAIN ENTRY--PERSONAL NAME
Personal name Brown, Richard G.
Relator term Author.
245 ## - TITLE STATEMENT
Title Advanced mathematics :
Remainder of title precalculus with discrete mathematics and data analysis /
Statement of responsibility, etc. Andrew M. Gleason; Andrew M. Gleason ... [et al.].
250 ## - EDITION STATEMENT
Edition statement first copy
264 ## - PRODUCTION, PUBLICATION, DISTRIBUTION, MANUFACTURE, AND COPYRIGHT NOTICE
Place of production, publication, distribution, manufacture Boston
Name of producer, publisher, distributor, manufacturer Houghton Mifflin Co.
Date of production, publication, distribution, manufacture, or copyright notice 1992
300 ## - PHYSICAL DESCRIPTION
Extent 898 pages
Other physical details illustrations
Dimensions 30 cm
336 ## - CONTENT TYPE
Source rdacontent
Content type term text
337 ## - MEDIA TYPE
Source rdamedia
Media type term Unmediated
338 ## - CARRIER TYPE
Source rdacarrier
Carrier type term volume
504 ## - BIBLIOGRAPHY, ETC. NOTE
Bibliography, etc. note Bibliography: pages 822-898.
541 ## - IMMEDIATE SOURCE OF ACQUISITION NOTE
Source of acquisition وزارة الثقافة ؛
Address القاهرة ؛
Method of acquisition إهداء ؛
Date of acquisition 2023.
650 1# - SUBJECT ADDED ENTRY--TOPICAL TERM
Topical term or geographic name entry element Precalculus.
Source of heading or term qrmak
651 1# - SUBJECT ADDED ENTRY--GEOGRAPHIC NAME
Source of heading or term qrmak
700 1# - ADDED ENTRY--PERSONAL NAME
Personal name Brown, Richard G.
Relator term Author.
700 1# - ADDED ENTRY--PERSONAL NAME
Personal name Andrew M. Gleason
Relator term معد.
700 1# - ADDED ENTRY--PERSONAL NAME
Personal name Martha A.Brawn
Relator term محرر.
700 1# - ADDED ENTRY--PERSONAL NAME
Personal name Dane R. Camp
Relator term محرر.
700 1# - ADDED ENTRY--PERSONAL NAME
Personal name Maria F. G. Fierro
Relator term محرر.
700 1# - ADDED ENTRY--PERSONAL NAME
Personal name Wallis Green
Relator term محرر.
700 1# - ADDED ENTRY--PERSONAL NAME
Personal name Linda Hunter
Relator term محرر.
700 1# - ADDED ENTRY--PERSONAL NAME
Personal name Carolyn Kennedy
Relator term محرر.
905 ## - Cataloger and Reviser Names
Cataloger Name Samah
942 ## - ADDED ENTRY ELEMENTS (KOHA)
Source of classification or shelving scheme Dewey Decimal Classification
Koha item type Books
Edition 21
Suppress in OPAC No
المقتنيات
Withdrawn status Lost status Source of classification or shelving scheme Damaged status Not for loan Home library Current library Date acquired Inventory number Total checkouts Full call number Barcode Date last seen Price effective from Koha item type
    Dewey Decimal Classification   Not for loan مكتبة جامعة القاهرة الاهلية قاعة الهندسة 27.01.2026 153   510 M3619 02010015300000 27.01.2026 27.01.2026 Books
Cairo University Libraries Portal Implemented & Customized by: Eng. M. Mohamady Contacts: new-lib@cl.cu.edu.eg | cnul@cl.cu.edu.eg
CUCL logo CNUL logo
© All rights reserved — Cairo University Libraries
CUCL logo
Implemented & Customized by: Eng. M. Mohamady Contact: new-lib@cl.cu.edu.eg © All rights reserved — New Central Library
CNUL logo
Implemented & Customized by: Eng. M. Mohamady Contact: cnul@cl.cu.edu.eg © All rights reserved — Cairo National University Library